000 00649nam a2200229 i 4500
001 bg
100 1 _aGAŁDA, Michał
245 1 0 _aGeodezja w budownictwie i inżynierii /
_cMichał Gałda.
260 _aRzeszów :
_bOficyna Wydaw. Politechniki Rzeszowskiej,
_c1995.
300 _a295, [2] s. :
_bfot., rys., wykr. ;
_c24 cm.
504 _aBibliogr. s.[297].
650 9 _aBudownictwo
_xgeodezja
650 9 _aGeodezja
655 _aPodręczniki akademickie
020 _a8390275775
040 _cBPK
041 _apol
080 _a624:528](075.8)
920 _a83-902757-7-5
942 _cKS
008 s pl f |000 0 pol
999 _c6831
_d6831
856 _uhttp://koha.tu.koszalin.pl/cgi-bin/koha/opac-detail.pl?biblionumber=6831
_yKatalog online BPK